000
00342nam a2200133Ia 4500
008
151001s9999||||xx |||||||||||||| ||und||
100
_a
गोविंद केळकर
245
_a
जीवनात हि घडी
250
_a
1
260
_b
प्रथमेश
260
_c
2009
300
_a
224
365
_b
18
999
_c
995895
_d
995892